| 000 | 00931nam a2200241 a 4500 | ||
|---|---|---|---|
| 001 | 72587 | ||
| 003 | BD-RjUL | ||
| 005 | 20211209082301.0 | ||
| 008 | 170521s1961 enkaf b 100 0 eng u | ||
| 035 | _a(BD-RjUL)72805 | ||
| 040 |
_cYSM _dEQO _aBD-RjUL _beng |
||
| 041 | _aeng | ||
| 082 |
_223 _a579 _bMIC 1961 |
||
| 245 | 1 | 0 |
_aMicrobial reaction to environment : _beleventh symposium of the Society for General Microbiology held at the Royal Institution, London, April 1961 / _cEdited by G.G. Meynell |
| 260 |
_aCambridge [Cambridgeshire] : _bPublished for the Society for General Microbiology at the University Press, _c1961. |
||
| 300 |
_aix, 416 p. : _bill. ; _c25 cm. |
||
| 504 | _aIncludes bibliography | ||
| 650 | 0 |
_aMicroorganisms _xPhysiology _vCongresses. _9214698 |
|
| 650 | 0 |
_aMicrobial ecology _xCongresses. _9214717 |
|
| 700 | 1 |
_aMeynell, G. G. _q(Geoffrey Guy) _9214718 |
|
| 700 | 1 |
_aGooder, H _9214719 |
|
| 942 |
_2ddc _cBK |
||
| 999 |
_c72587 _d72587 |
||